Paper on FMD vaccination (Record no. 117586)

MARC details
000 -LEADER
fixed length control field 00906cam a2200217 4500
001 - CONTROL NUMBER
control field WB4024-16
008 - FIXED-LENGTH DATA ELEMENTS--GENERAL INFORMATION
fixed length control field 040623n2004 000 0 eng u
035 ## - SYSTEM CONTROL NUMBER
System control number (Sirsi) u126586
245 ## - TITLE STATEMENT
Title Paper on FMD vaccination
260 ## - PUBLICATION, DISTRIBUTION, ETC.
Date of publication, distribution, etc. 2004
490 ## - SERIES STATEMENT
Series statement DEFRA News Release
Volume/sequential designation (232/04) 18 June 2004 (2)
520 ## - SUMMARY, ETC.
Summary, etc. DEFRA has published a vaccination document illustrating the potential role for emergency vaccination in tackling outbreaks of foot and mouth disease. This paper (http://www.defra.gov.uk/footandmouth/disease/inde x.htm) will also inform decision-making at a national exercise of the department's contingency plans for a future outbreak. http://www.defra.gov.uk/news/2004/040618a.htm
590 ## - LOCAL NOTE (RLIN)
Local note WB
590 ## - LOCAL NOTE (RLIN)
Local note WB
650 ## - SUBJECT ADDED ENTRY--TOPICAL TERM
Topical term or geographic name entry element FOOT-AND-MOUTH DISEASE
650 ## - SUBJECT ADDED ENTRY--TOPICAL TERM
Topical term or geographic name entry element VACCINATIONS
650 ## - SUBJECT ADDED ENTRY--TOPICAL TERM
Topical term or geographic name entry element CONTINGENCY PLANS
650 ## - SUBJECT ADDED ENTRY--TOPICAL TERM
Topical term or geographic name entry element ENVIRONMENT
9 (RLIN) 6238
690 ## - LOCAL SUBJECT ADDED ENTRY--TOPICAL TERM (OCLC, RLIN)
Topical term or geographic name as entry element RURAL
9 (RLIN) 6268
942 ## - ADDED ENTRY ELEMENTS (KOHA)
Suppress in OPAC 0
Holdings
Withdrawn status Lost status Source of classification or shelving scheme Damaged status Not for loan Home library Current library Shelving location Date acquired Total Checkouts Full call number Barcode Date last seen Copy number Price effective from Koha item type
    Dewey Decimal Classification     London London News article 23/06/2004   WB4024-16 126586-1001 06/08/2019 1 06/08/2019 News article